Contenidos básicos comunes para la educación general básica : (Registro nro. 1558)
[ vista simple ]
| 000 -CABECERA | |
|---|---|
| campo de control de longitud fija | 01376nam a22003370a 4500 |
| 001 - NÚMERO DE CONTROL | |
| campo de control | PT33667 |
| 003 - IDENTIFICADOR DEL NÚMERO DE CONTROL | |
| campo de control | AR-LpoUNG |
| 005 - FECHA Y HORA DE LA ÚLTIMA TRANSACCIÓN | |
| campo de control | 20210131230124.0 |
| 008 - DATOS DE LONGITUD FIJA--INFORMACIÓN GENERAL | |
| campo de control de longitud fija | 191001s1994||||ag |||||||||||||||||spa d |
| 040 ## - FUENTE DE LA CATALOGACIÓN | |
| Centro catalogador/agencia de origen | AR-LpoUNG |
| Lengua de catalogación | spa |
| Centro/agencia transcriptor | AR-LpoUNG |
| Normas de descripción | aacr |
| 041 ## - CÓDIGO DE LENGUA | |
| Código de lengua del texto/banda sonora o título independiente | spa |
| 044 ## - CÓDIGO DEL PAÍS DE LA ENTIDAD EDITORA/PRODUCTORA | |
| Código MARC del país | ag |
| 082 0# - NÚMERO DE LA CLASIFICACIÓN DECIMAL DEWEY | |
| Número de clasificación | 372 665pre |
| 245 10 - MENCIÓN DE TÍTULO | |
| Título | Contenidos básicos comunes para la educación general básica : |
| Resto del título | edición preliminar |
| 260 ## - PUBLICACIÓN, DISTRIBUCIÓN, ETC. | |
| Lugar de publicación, distribución, etc. | Buenos Aires : |
| Nombre del editor, distribuidor, etc. | Consejo Federal de Cultura y Educación, |
| Fecha de publicación, distribución, etc. | diciembre 1994. |
| 300 ## - DESCRIPCIÓN FÍSICA | |
| Extensión | 305 p. : |
| Otras características físicas | fot. |
| 520 ## - SUMARIO, ETC. | |
| Sumario, etc. | Este texto contiene resoluciones del Consejo Federal de Cultura y Educación, con los CBC para la educación general básica y los contenidos básicos comunes para la educación general básica (lengua, matemática, ciencias naturales, ciencias sociales, tecnología, educación artística, educación física, formación ética y ciudadana). |
| 650 #4 - PUNTO DE ACCESO ADICIONAL DE MATERIA--TÉRMINO DE MATERIA | |
| Término de materia o nombre geográfico como elemento de entrada | EDUCACION |
| 650 #4 - PUNTO DE ACCESO ADICIONAL DE MATERIA--TÉRMINO DE MATERIA | |
| Término de materia o nombre geográfico como elemento de entrada | EFICIENCIA DEL DOCENTE |
| 650 #4 - PUNTO DE ACCESO ADICIONAL DE MATERIA--TÉRMINO DE MATERIA | |
| Término de materia o nombre geográfico como elemento de entrada | FORMACION DE DOCENTES |
| 650 #4 - PUNTO DE ACCESO ADICIONAL DE MATERIA--TÉRMINO DE MATERIA | |
| Término de materia o nombre geográfico como elemento de entrada | FORMACION DE DOCENTES |
| 650 #4 - PUNTO DE ACCESO ADICIONAL DE MATERIA--TÉRMINO DE MATERIA | |
| Término de materia o nombre geográfico como elemento de entrada | PERSONAL DOCENTE |
| 650 #4 - PUNTO DE ACCESO ADICIONAL DE MATERIA--TÉRMINO DE MATERIA | |
| Término de materia o nombre geográfico como elemento de entrada | PLANIFICACION DE LA EDUCACION |
| 650 #4 - PUNTO DE ACCESO ADICIONAL DE MATERIA--TÉRMINO DE MATERIA | |
| Término de materia o nombre geográfico como elemento de entrada | PROGRAMAS DE EDUCACION |
| 650 #4 - PUNTO DE ACCESO ADICIONAL DE MATERIA--TÉRMINO DE MATERIA | |
| Término de materia o nombre geográfico como elemento de entrada | PROYECTOS DE EDUCACION |
| 651 #4 - PUNTO DE ACCESO ADICIONAL DE MATERIA--NOMBRE GEOGRÁFICO | |
| Nombre geográfico | Argentina |
| 710 2# - PUNTO DE ACCESO ADICIONAL--NOMBRE DE ENTIDAD CORPORATIVA | |
| Nombre de entidad corporativa o nombre de jurisdicción como elemento de entrada | Argentina. Ministerio del Cultura y Educación |
| 710 2# - PUNTO DE ACCESO ADICIONAL--NOMBRE DE ENTIDAD CORPORATIVA | |
| Nombre de entidad corporativa o nombre de jurisdicción como elemento de entrada | Consejo Federal de Cultura y Educación (Buenos Aires) |
| 905 ## - ELEMENTOS DE DATOS E LOCAL, LDE (RLIN) | |
| a | 33667 |
| 942 ## - ELEMENTOS DE PUNTO DE ACCESO ADICIONAL (KOHA) | |
| Tipo de ítem Koha | Libro |
| Estado de retiro | Estado de pérdida | Estado dañado | No para préstamo | Código de colección | Localización permanente | Ubicación/localización actual | Fecha de adquisición | Total de préstamos | Signatura topográfica completa | Código de barras | Fecha visto por última vez | Precio válido a partir de | Tipo de ítem Koha |
|---|---|---|---|---|---|---|---|---|---|---|---|---|---|
| Colección General | Biblioteca Universidad Nacional de General Sarmiento | Biblioteca Universidad Nacional de General Sarmiento | 31/01/2021 | 372 665pre | 00038067 | 31/01/2021 | 31/01/2021 | Libro |